Statistics for Movies Breakdown Puzzle #2

Click here to take the quiz!

General Stats

  • This quiz has been taken 9,280 times
  • The average score is 15 of 30

Answer Stats

HintAnswer% Correct
PolicemanCOP
93%
Trousers (US.)PANTS
89%
Moby Dick, eg.WHALE
89%
AmericaUSA
88%
Pirate liquorRUM
85%
Timid, bashfulSHY
85%
Pairs well with ginTONIC
81%
InsectsBUGS
78%
Give help toAID
73%
Sneeze soundACHOO
72%
Least longSHORTEST
72%
Tiny branchTWIG
70%
Late night's JayLENO
64%
CO ski resortASPEN
56%
Sword handleHILT
48%
PSYCHO
48%
Honey drinkMEAD
47%
Terra firmaLAND
44%
TWILIGHT
30%
Relax, lie aroundLAZE
29%
AMADEUS
19%
Cone bearerPINE
19%
PhilanthropistDONOR
17%
HALLOWEEN
16%
ALADDIN
15%
POCAHONTAS
12%
GHOSTBUSTERS
9%
SUPERMAN
8%
INCEPTION
6%
ZOOLANDER
6%

Score Distribution

Percentile by Number Answered

Percent of People with Each Score

Your Score History

You have not taken this quiz